Statistiques concernant Top 50 des films au box-office mondial

Cliquez ici pour prendre le quiz!

Statistiques générales

  • Ce quiz a été pris 782 fois
  • Le résultat moyen est 21 sur 50

Statistiques - réponses

HintRéponse% Correct
1Avatar
97%
3Avatar : La Voie de l'eau
97%
2Avengers : Endgame
87%
4Titanic
87%
6Avengers : Infinity War
86%
15Avengers : L'Ère d'Ultron
85%
10Avengers
84%
38Star Wars IX : L'Ascension de Skywalker
79%
47Star Wars I : La Menace fantôme
78%
19Star Wars VIII : Les Derniers Jedi
78%
5Star Wars VII : Le Réveil de la Force
78%
7Spider-Man : No Way Home
69%
31Spider-Man : Far From Home
68%
50Harry Potter à l'école des sorciers
66%
18Harry Potter et les Reliques de la Mort : Partie 2
66%
14Barbie
59%
27Le Seigneur des anneaux : Le Retour du roi
57%
13La Reine des neiges 2
47%
9Le Roi Lion (2019)
47%
28Captain America : Civil War
46%
20La Reine des neiges
46%
34Jurassic Park
38%
17Black Panther
35%
30Skyfall
34%
12Top Gun : Maverick
32%
37Joker
31%
8Jurassic World
30%
44Pirates des Caraïbes : La Fontaine de Jouvence
30%
41Pirates des Caraïbes : Le Secret du coffre maudit
30%
21Jurassic World : Fallen Kingdom
29%
35Transformers : L'Âge de l'extinction
27%
33Transformers 3 : La Face cachée de la Lune
26%
29Aquaman
22%
32Captain Marvel
18%
11Fast and Furious 7
18%
24Fast and Furious 8
15%
25Iron Man 3
15%
22La Belle et la Bête (2017)
15%
26Les Minions
15%
43Aladdin (2019)
14%
16Super Mario Bros. le film
13%
40Toy Story 3
13%
36The Dark Knight Rises
12%
39Toy Story 4
12%
48Zootopie
11%
42Rogue One : A Star Wars Story
10%
49Alice au pays des merveilles (2010)
8%
46Le Monde de Dory
8%
23Les Indestructibles 2
8%
45Moi, moche et méchant 3
7%

Distribution des résultats

Percentile par nombre de réponses

% des personnes avec chaque résultat

Votre développement - résultats

Vous n’avez pas pris ce quiz